[Event "Championnat de Paris Open A"]
[Site "Paris"]
[Date "2010.07.04"]
[Round "2.8"]
[White "Pozdnjakov, Viatcheslav"]
[Black "Mottonen, Ari"]
[Result "1-0"]
[WhiteElo "2208"]
[BlackElo "2048"]
[PlyCount "63"]
[EventDate "2010.??.??"]

1. d4 Nf6 2. Nf3 e6 3. e3 d5 4. Bd3 Nbd7 5. b3 Bb4+ 6. Nbd2 Bc3 7. Rb1 O-O 8.
Bb2 Bxb2 9. Rxb2 Re8 10. Ne5 Nxe5 11. dxe5 Nd7 12. f4 Qh4+ 13. g3 Qh3 14. Nf3
f6 15. Nh4 f5 16. c4 dxc4 17. Bf1 Qg4 18. Be2 Qh3 19. Bf1 Qg4 20. Qxg4 fxg4 21.
Bxc4 b6 22. Rd2 Bb7 23. O-O Nc5 24. b4 Na6 25. f5 g5 26. fxg6 hxg6 27. Rf6 Re7
28. Nxg6 Rg7 29. Bxe6+ Kh7 30. Nf8+ Rxf8 31. Rxf8 Re7 32. Bxg4 1-0

[Event "Championnat de Paris Open A"]
[Site "Paris"]
[Date "2010.07.04"]
[Round "2.9"]
[White "Said, Eric"]
[Black "Van Zutphen, Jimmy"]
[Result "0-1"]
[WhiteElo "2049"]
[BlackElo "2203"]
[PlyCount "87"]
[EventDate "2010.??.??"]

1. d4 d5 2. c4 Bf5 3. cxd5 Bxb1 4. Qa4+ Qd7 5. Qxd7+ Nxd7 6. Rxb1 Ngf6 7. Nf3
Nxd5 8. g3 e6 9. Bg2 Be7 10. O-O O-O 11. Rd1 Rac8 12. e4 N5f6 13. d5 exd5 14.
exd5 Nb6 15. Nd4 Rfd8 16. Nf5 Bf8 17. Bg5 Nbxd5 18. Bxf6 Nxf6 19. Rxd8 Rxd8 20.
Bxb7 Rd2 21. Bf3 Bc5 22. Ne3 Bxe3 23. fxe3 g5 24. h3 h5 25. Kf1 g4 26. hxg4
hxg4 27. Be2 Ne4 28. Bxg4 f5 29. Bd1 Nxg3+ 30. Kg1 Kf7 31. Rc1 Kf6 32. Rc6+ Kg5
33. Bb3 Kg4 34. Rc2 Rxc2 35. Bxc2 Kf3 36. b4 Kxe3 37. Kg2 f4 38. Ba4 Ne4 39.
Bb5 f3+ 40. Kg1 Nd2 41. a4 f2+ 42. Kg2 f1=B+ 43. Bxf1 Nxf1 44. Kxf1 0-1

[Event "Championnat de Paris Open A"]
[Site "Paris"]
[Date "2010.07.04"]
[Round "2.10"]
[White "Dionisi, Thomas"]
[Black "Blot, David"]
[Result "1-0"]
[WhiteElo "2183"]
[BlackElo "2044"]
[PlyCount "87"]
[EventDate "2010.??.??"]

1. e4 d6 2. d4 Nf6 3. Nc3 g6 4. Nf3 Bg7 5. h3 O-O 6. Be3 c6 7. a4 Nbd7 8. Qd2
e5 9. dxe5 dxe5 10. Bc4 Qc7 11. O-O Re8 12. Ng5 Re7 13. Rad1 h6 14. Nf3 Kh7 15.
Qd6 Qxd6 16. Rxd6 Ne8 17. Rd3 Nc7 18. Rfd1 Nb6 19. Ba2 Be6 20. Bxe6 Nxe6 21. b3
f5 22. a5 fxe4 23. Nxe4 Nd5 24. c4 Nxe3 25. fxe3 b6 26. Rd7 Rae8 27. axb6 axb6
28. Rxe7 Rxe7 29. Rd6 Nc5 30. Nxc5 bxc5 31. Rxc6 e4 32. Nd2 Bc3 33. Nf1 Bb4 34.
Kh2 h5 35. h4 Re5 36. Rd6 Kg7 37. Ng3 Re7 38. Ne2 Be1 39. Nf4 Bf2 40. Rxg6+ Kh7
41. Rg5 Rb7 42. Rxh5+ Kg8 43. Nd5 Rxb3 44. Nf6+ 1-0

[Event "Championnat de Paris Open A"]
[Site "Paris"]
[Date "2010.07.04"]
[Round "2.11"]
[White "Guez, Fabien"]
[Black "Wunderman, Xavier"]
[Result "0-1"]
[WhiteElo "2047"]
[BlackElo "2173"]
[PlyCount "78"]
[EventDate "2010.??.??"]

1. e4 c5 2. Nf3 e6 3. d4 cxd4 4. Nxd4 Nc6 5. Nc3 Qc7 6. Be3 Nf6 7. Be2 Be7 8.
O-O a6 9. f4 d6 10. a4 O-O 11. Kh1 Na5 12. Bd3 b6 13. Qe2 Bb7 14. Bd2 Nd7 15.
b4 Nc6 16. Nxc6 Qxc6 17. b5 axb5 18. Nxb5 Nc5 19. Nd4 Qc7 20. Nb5 Qb8 21. a5
bxa5 22. Bxa5 Rc8 23. c4 Nb3 24. Bc7 Rxc7 25. Rxa8 Bxa8 26. Qa2 Nc5 27. Nxc7
Bb7 28. Rb1 Qxc7 29. Bc2 g6 30. Qa7 Kg7 31. h3 Bf6 32. Rb5 Bd4 33. Qb6 Qd7 34.
Qa7 e5 35. Kh2 Qc8 36. Qb6 Bxe4 37. Rxc5 Bxc5 38. Qb1 Bxc2 39. Qxc2 exf4 0-1

[Event "Championnat de Paris Open A"]
[Site "Paris"]
[Date "2010.07.04"]
[Round "2.12"]
[White "Emmenecker, Philippe"]
[Black "Chaumont, Adeline"]
[Result "1-0"]
[WhiteElo "2169"]
[BlackElo "2029"]
[PlyCount "103"]
[EventDate "2010.??.??"]

1. d4 d5 2. Nf3 Nf6 3. c4 c6 4. Nc3 e6 5. g3 Nbd7 6. Bg2 Bd6 7. O-O O-O 8. Nd2
Qa5 9. e4 dxe4 10. Ndxe4 Be7 11. Qc2 Qh5 12. Re1 Nxe4 13. Qxe4 Nf6 14. Qf4 Rd8
15. h3 Bd6 16. Qg5 h6 17. Qxh5 Nxh5 18. a3 Nf6 19. Be3 Bd7 20. Rad1 Rac8 21.
Rd2 b6 22. Red1 Be7 23. g4 Kf8 24. f4 Be8 25. Bf3 b5 26. c5 a5 27. g5 hxg5 28.
fxg5 Nd5 29. Nxd5 exd5 30. Rf2 g6 31. Bg4 Rc7 32. Rdf1 Kg8 33. h4 Bf8 34. Bf4
Rb7 35. Be5 Bg7 36. Bf6 Rdb8 37. Re2 Bd7 38. Bxd7 Rxd7 39. Rfe1 Rc7 40. Re8+
Rxe8 41. Rxe8+ Kh7 42. Kf2 a4 43. Rb8 Ra7 44. Rc8 Ra6 45. Rb8 Ra7 46. Ke3 Bxf6
47. gxf6 g5 48. hxg5 Kg6 49. Kf4 Kh7 50. Ke5 Kg6 51. Rg8+ Kh5 52. Kf4 1-0

[Event "Championnat de Paris Open A"]
[Site "Paris"]
[Date "2010.07.04"]
[Round "2.13"]
[White "Guerlach, Frederic"]
[Black "Rano, David"]
[Result "0-1"]
[WhiteElo "2035"]
[BlackElo "2166"]
[PlyCount "72"]
[EventDate "2010.??.??"]

1. Nf3 d5 2. c4 c6 3. e3 Nf6 4. Nc3 e6 5. b3 Bd6 6. Bb2 O-O 7. Be2 Nbd7 8. Qc2
a6 9. g4 Qe7 10. g5 Ne8 11. d4 Bb4 12. a3 Bxc3+ 13. Bxc3 a5 14. b4 b6 15. bxa5
bxa5 16. Qa4 Nd6 17. Nd2 dxc4 18. Rg1 e5 19. Rd1 exd4 20. Bxd4 Nb5 21. Nxc4 Nc5
22. Qc2 Nxd4 23. Rxd4 {=} 23... Rd8 24. Rh4 g6 25. Qc3 Ne4 26. Qe5 Qxe5 27.
Nxe5 Re8 28. Rxe4 Bf5 29. Rc4 Rxe5 30. Rxc6 Rb8 31. Rc3 Rb1+ 32. Bd1 Rd5 33. e4
Rdxd1+ 34. Ke2 Rxg1 35. exf5 Rb2+ 36. Kd3 gxf5 0-1

[Event "Championnat de Paris Open A"]
[Site "Paris"]
[Date "2010.07.04"]
[Round "2.14"]
[White "Samoun, Florent"]
[Black "Saatdjian, Stephane"]
[Result "1-0"]
[WhiteElo "2160"]
[BlackElo "2011"]
[PlyCount "95"]
[EventDate "2010.??.??"]

1. d4 Nf6 2. Nf3 g6 3. g3 d5 4. Bg2 Bg7 5. c4 c6 6. O-O O-O 7. Qb3 Nbd7 8. cxd5
cxd5 9. Nc3 Nb6 10. Ne5 Be6 11. Nd3 Ne4 12. e3 Qc7 13. Nf4 Nxc3 14. bxc3 Rac8
15. Ba3 Qxc3 16. Bxe7 Rfe8 17. Bc5 Qxb3 18. axb3 Rxc5 19. dxc5 Bxa1 20. Rxa1
Nc8 21. Bxd5 Bxd5 22. Nxd5 Re5 23. Rd1 Ne7 24. Nxe7+ Rxe7 25. Rd5 Kg7 26. Kf1
Rc7 27. Ke2 Kf6 28. Kd3 Ke6 29. Kd4 Ke7 30. e4 Rc6 31. b4 Ra6 32. Ke3 Re6 {=}
33. f4 Ra6 34. b5 Ra3+ 35. Rd3 Ra2 36. c6 bxc6 37. bxc6 Rc2 38. Rd7+ Ke8 39.
Rc7 a5 40. Kd3 Rc1 41. Kd4 a4 42. Kd5 Kd8 43. Rxf7 a3 44. Ra7 Ra1 45. Kd6 Rd1+
46. Ke6 Rc1 47. Rxa3 Rxc6+ 48. Kf7 1-0

[Event "Championnat de Paris Open A"]
[Site "Paris"]
[Date "2010.07.04"]
[Round "2.15"]
[White "Pietinen, Pekka"]
[Black "Hanchour, Baroudi"]
[Result "0-1"]
[WhiteElo "2030"]
[BlackElo "2159"]
[PlyCount "34"]
[EventDate "2010.??.??"]

1. e4 e6 2. Nc3 d5 3. e5 c5 4. f4 Ne7 5. Nf3 Nf5 6. b3 Nc6 7. Bb5 Bd7 8. Bd3
Ncd4 9. O-O h5 10. g3 Qb6 11. Kg2 Bc6 12. Re1 Rh6 13. Nxd4 Nxd4 14. Ne2 c4 15.
Bb2 Nb5 16. a4 cxd3 17. axb5 dxe2 0-1

[Event "Championnat de Paris Open A"]
[Site "Paris"]
[Date "2010.07.04"]
[Round "2.16"]
[White "Ribeiro, Romain"]
[Black "Msellek, Ilyass"]
[Result "1/2-1/2"]
[WhiteElo "2159"]
[BlackElo "2010"]
[PlyCount "94"]
[EventDate "2010.??.??"]

1. e4 c5 2. Nc3 d6 3. Nf3 a6 4. d4 cxd4 5. Nxd4 Nf6 6. a4 Nc6 7. Be2 e5 8. Nb3
Be6 9. Bg5 Be7 10. O-O h6 11. Be3 d5 12. exd5 Nxd5 13. Nxd5 Qxd5 14. Qxd5 Bxd5
15. Rfd1 Nb4 16. c4 Bc6 17. Na5 Nc2 18. Nxc6 bxc6 19. Bf3 Rc8 20. Bg4 Nxe3 21.
Bxc8 Nxd1 22. Rxd1 O-O 23. Bb7 Rd8 24. Rxd8+ Bxd8 25. Bxa6 c5 26. Kf1 Kf8 27.
Ke2 Ke7 28. Ke3 f5 29. Bc8 g6 30. Bb7 Kd6 31. Bd5 Ke7 32. Bc6 Kf6 33. Be8 Bc7
34. f3 h5 35. g3 Bd8 36. h3 Bc7 37. g4 hxg4 38. hxg4 Kg5 39. Bd7 Kf6 40. Bc8
Ba5 41. Bd7 Bc7 42. Kd3 Ba5 43. b3 Be1 44. Bc6 Ba5 45. Bd5 Kg5 46. Bf7 Kf6 47.
Be8 Bb4 1/2-1/2

[Event "Championnat de Paris Open A"]
[Site "Paris"]
[Date "2010.07.04"]
[Round "2.17"]
[White "Olivier, Philippe"]
[Black "Santamaria, Jorge"]
[Result "0-1"]
[WhiteElo "2029"]
[BlackElo "2157"]
[PlyCount "64"]
[EventDate "2010.??.??"]

1. e4 c6 2. d4 d5 3. exd5 cxd5 4. Bd3 Nc6 5. c3 g6 6. Bf4 Bg7 7. Nf3 Nh6 8. Qd2
Nf5 9. h3 f6 10. g4 Nd6 11. Qc2 Nf7 12. Bg3 e5 13. dxe5 fxe5 14. Nh4 e4 15. Be2
O-O 16. O-O Ng5 17. Kg2 d4 18. Bc4+ Kh8 19. Nd2 d3 20. Qd1 Na5 21. Qe1 Nxc4 22.
Nxc4 Be6 23. Ne5 Kg8 24. f4 exf3+ 25. Nhxf3 Bd5 26. c4 Nxf3 27. Nxf3 Bc6 28.
Qe6+ Kh8 29. Be5 Qe8 30. Bxg7+ Kxg7 31. Qxe8 Raxe8 32. Kg3 Re3 0-1

[Event "Championnat de Paris Open A"]
[Site "Paris"]
[Date "2010.07.04"]
[Round "2.18"]
[White "Le Montagner, Yoann"]
[Black "Plane, Boris"]
[Result "0-1"]
[WhiteElo "2018"]
[BlackElo "2140"]
[PlyCount "62"]
[EventDate "2010.??.??"]

1. e4 e5 2. Nf3 Nc6 3. d4 exd4 4. Bc4 d6 5. c3 Be6 6. Bxe6 fxe6 7. Qb3 Qc8 8.
Ng5 Nd8 9. cxd4 h6 10. Nf3 Be7 11. Nc3 c5 12. Qb5+ Qc6 13. dxc5 dxc5 14. Bf4 a6
15. Qd3 Nf7 16. Ne5 Nxe5 17. Bxe5 Nf6 18. O-O O-O 19. Rad1 Rad8 20. Qc2 b5 21.
f3 c4 22. Ne2 Qc5+ 23. Bd4 Rxd4 24. Nxd4 e5 25. Kh1 exd4 26. f4 Ng4 27. e5 Ne3
28. Qe4 Nxd1 29. Rxd1 Rd8 30. f5 Qd5 31. Qg4 Qxe5 0-1

[Event "Championnat de Paris Open A"]
[Site "Paris"]
[Date "2010.07.04"]
[Round "2.19"]
[White "Anes, Emmanuel"]
[Black "Denous, Cyprien"]
[Result "1-0"]
[WhiteElo "2139"]
[BlackElo "2006"]
[PlyCount "31"]
[EventDate "2010.??.??"]

1. d4 Nf6 2. Nc3 d5 3. e4 dxe4 4. f3 exf3 5. Nxf3 Bg4 6. h3 Bxf3 7. Qxf3 c6 8.
Be3 e6 9. Bd3 Nbd7 10. O-O Qc7 11. Ne4 O-O-O 12. Bf4 Qb6 13. Ng5 Re8 14. Kh1
Qxd4 15. Nxf7 Rg8 16. Qxc6+ 1-0

[Event "Championnat de Paris Open A"]
[Site "Paris"]
[Date "2010.07.04"]
[Round "2.20"]
[White "Gretry, Patrice"]
[Black "Ralle, Pierre"]
[Result "1-0"]
[WhiteElo "2010"]
[BlackElo "2135"]
[PlyCount "89"]
[EventDate "2010.??.??"]

1. e4 e6 2. d4 d5 3. exd5 exd5 4. Bd3 Bd6 5. Nf3 Ne7 6. O-O O-O 7. c3 Bf5 8.
Re1 Bxd3 9. Qxd3 Nd7 10. Bg5 f6 11. Bh4 Re8 12. Nbd2 Nf8 13. Bg3 Bxg3 14. hxg3
Qd7 15. Nb3 a5 16. Nc5 Qc6 17. a4 b6 18. Nb3 Qd7 19. Nc1 Nf5 20. Ne2 Ng6 21. b3
Nd6 22. Nd2 Re7 23. Kf1 Rae8 24. Ng1 Ne4 25. Nxe4 Rxe4 26. Rxe4 Rxe4 27. Nf3
Qe8 28. Re1 Rxe1+ 29. Nxe1 Ne7 30. Nc2 Nc8 31. Ne3 Qe6 32. Qb5 c6 33. Qa6 h6
34. Qb7 Kh7 35. g4 Ne7 36. Qxb6 Qe4 37. Qxa5 Qb1+ 38. Ke2 f5 39. Qc7 Qb2+ 40.
Kf3 fxg4+ 41. Kxg4 Ng8 42. Kf3 Qxc3 43. a5 Qd3 44. Qxc6 Nf6 45. Qc2 1-0

[Event "Championnat de Paris Open A"]
[Site "Paris"]
[Date "2010.07.04"]
[Round "2.21"]
[White "Matrand, Arnaud"]
[Black "Gauthier, Arnaud"]
[Result "1/2-1/2"]
[WhiteElo "2130"]
[BlackElo "2003"]
[PlyCount "28"]
[EventDate "2010.??.??"]

1. d4 d5 2. Nf3 e6 3. c4 c6 4. Nc3 Nf6 5. e3 Bd6 6. Bd3 dxc4 7. Bxc4 Nbd7 8. e4
e5 9. dxe5 Nxe5 10. Nxe5 Bxe5 11. Qxd8+ Kxd8 12. f3 Be6 13. Bxe6 fxe6 14. Ke2
Kc7 {=} 1/2-1/2

[Event "Championnat de Paris Open A"]
[Site "Paris"]
[Date "2010.07.04"]
[Round "2.22"]
[White "Aflalo, Sophie"]
[Black "Legrand, Stephane"]
[Result "0-1"]
[WhiteElo "2008"]
[BlackElo "2129"]
[PlyCount "116"]
[EventDate "2010.??.??"]

1. e4 e5 2. Nf3 Nc6 3. d4 exd4 4. Nxd4 Nf6 5. Nxc6 bxc6 6. e5 Qe7 7. Qe2 Ng8 8.
g3 g6 9. Bg2 Bg7 10. O-O f6 11. f4 Nh6 12. Nc3 Rb8 13. Qc4 Rb4 14. Qd3 O-O 15.
exf6 Bxf6 16. Ne4 Bg7 17. Bd2 Rxb2 18. Bc3 Rb6 19. Rfe1 Qf7 20. Ng5 Qf5 21. Qe3
Bxc3 22. Qxc3 Rb5 23. Qc4+ Nf7 24. Bf1 Qc5+ 25. Kh1 Qd5+ 26. Qxd5 Rxd5 27. Nxf7
Kxf7 28. Bc4 Kf6 29. Bxd5 cxd5 30. Kg2 d6 31. c3 Bf5 32. Kf3 Rb8 33. Re2 a5 34.
Rd2 Be4+ 35. Ke2 a4 36. Rc1 c5 37. c4 d4 38. Kf2 Kf5 39. Re1 a3 40. h3 h5 41.
Rg1 Rb4 42. Rc1 h4 43. gxh4 Kxf4 44. Rg1 Rxc4 45. Rg4+ Kf5 46. Rg5+ Kf6 47. Rg3
Rc3 48. Rxc3 dxc3 49. Rxd6+ Ke5 50. Rd1 c2 51. Rg1 Kd4 52. Ke2 Kc3 53. h5 Bd3+
54. Ke3 gxh5 55. h4 Bc4 56. Re1 Bxa2 57. Rg1 Bb1 58. Ke2 a2 0-1

[Event "Championnat de Paris Open A"]
[Site "Paris"]
[Date "2010.07.04"]
[Round "2.23"]
[White "Pass, Deborah J"]
[Black "Mircescu, Ovidiu"]
[Result "1/2-1/2"]
[WhiteElo "2002"]
[BlackElo "2123"]
[PlyCount "106"]
[EventDate "2010.??.??"]

1. e4 c5 2. c3 d5 3. exd5 Qxd5 4. d4 Nf6 5. Nf3 e6 6. Na3 Be7 7. Nb5 Na6 8. c4
Qe4+ 9. Be3 cxd4 10. Bd3 Bb4+ 11. Kf1 Qc6 12. Ne5 Qb6 13. Bxd4 Bc5 14. Bc3 O-O
15. Qf3 Nb4 16. Bb1 a6 17. Ng4 Nxg4 18. Qxg4 e5 19. Qe4 g6 20. Qxe5 f6 21. Qc7
axb5 22. Qxb6 Bxb6 23. Bxb4 Rd8 24. Be4 bxc4 25. h4 Rd4 26. Bf3 Kf7 27. Bc3 Rd6
28. Ke2 Bf5 29. Kf1 Bd3+ 30. Kg1 Rd7 31. g3 Ba5 32. Bxa5 Rxa5 33. Kg2 Rb5 34.
b3 cxb3 35. axb3 Rxb3 36. Ra7 Ba6 37. Ra1 Ke7 38. Ra8 Rb2 39. Rh8 Rdd2 40.
Rxh7+ Kd6 41. Rd1 Rxd1 42. Bxd1 Bd3 43. Bf3 b5 44. Rh8 Ke7 45. g4 b4 46. Rb8
Ke6 47. Re8+ Kd7 48. Rf8 Ke6 49. Rd8 Bb1 50. Re8+ Kd7 51. Rf8 Ke7 52. Rb8 Kd6
53. Rf8 Ke7 1/2-1/2

[Event "Championnat de Paris Open A"]
[Site "Paris"]
[Date "2010.07.04"]
[Round "2.24"]
[White "Sainte-Marie, Laurent"]
[Black "Poelstra, Ben"]
[Result "0-1"]
[WhiteElo "2000"]
[BlackElo "2117"]
[PlyCount "46"]
[EventDate "2010.??.??"]

1. Nf3 Nf6 2. c4 e6 3. d4 b6 4. Bg5 Bb7 5. e3 h6 6. Bxf6 Qxf6 7. a3 d6 8. Nbd2
g5 9. h3 Nd7 10. Qc2 Bg7 11. O-O-O O-O-O 12. Bd3 Qe7 13. Be4 f5 14. Bxb7+ Kxb7
15. b4 c5 16. Nb3 Rhf8 17. dxc5 dxc5 18. Rxd7+ Rxd7 19. bxc5 bxc5 20. e4 Rfd8
21. exf5 Rd3 22. Re1 Rc3 23. Na5+ Kc7 0-1

[Event "Championnat de Paris Open A"]
[Site "Paris"]
[Date "2010.07.04"]
[Round "2.25"]
[White "Debeaune, Robin"]
[Black "Saliou, Jean-Yves"]
[Result "1-0"]
[WhiteElo "2115"]
[BlackElo "1996"]
[PlyCount "57"]
[EventDate "2010.??.??"]

1. e4 d6 2. d4 Nf6 3. Nc3 g6 4. Bc4 Bg7 5. Bb3 O-O 6. f3 Nc6 7. Be3 e5 8. Nge2
Na5 9. Qd2 h5 10. O-O-O Nxb3+ 11. cxb3 Qe8 12. h4 b5 13. d5 a5 14. Rdg1 b4 15.
Na4 Bd7 16. Kb1 Bxa4 17. bxa4 Qxa4 18. Bg5 b3 19. a3 Nxe4 20. fxe4 Qxe4+ 21.
Ka1 f5 22. Nc3 Qc4 23. Bh6 Rae8 24. Bxg7 Kxg7 25. Rc1 Rf7 26. Ne2 Qb5 27. Rc3
Ree7 28. Rhc1 Kh7 29. Ng1 1-0

 *

[Event "Championnat de Paris Open A"]
[Site "Paris"]
[Date "2010.07.04"]
[Round "2.29"]
[White "Nikonoff, James"]
[Black "Caroff, Frederic"]
[Result "0-1"]
[WhiteElo "1950"]
[BlackElo "2106"]
[PlyCount "78"]
[EventDate "2010.??.??"]

1. e4 c5 2. Nf3 d6 3. Bc4 Nc6 4. Nc3 Nf6 5. d3 Bg4 6. h3 Bh5 7. Be3 e6 8. Bb3
a6 9. a3 Be7 10. g4 Bg6 11. Qe2 b5 12. Nd2 Nd4 13. Qd1 Nxb3 14. Nxb3 Rc8 15.
Qe2 c4 16. Nd2 d5 17. exd5 cxd3 18. cxd3 Nxd5 19. Nxd5 Qxd5 20. Ne4 Bxe4 21.
dxe4 Qxe4 22. O-O O-O 23. a4 Rc2 24. Qd1 Rd8 25. Qb1 bxa4 26. Re1 Qc4 27. Rd1
h6 28. Rxd8+ Bxd8 29. Qd1 Bf6 30. Qd7 Qc6 31. Qd3 Bxb2 32. Rd1 a3 33. Qd8+ Kh7
34. Qd3+ g6 35. Qb3 Rc3 36. Qb4 Qc7 37. Qf8 Rxe3 38. fxe3 Qg3+ 39. Kf1 Qf3+ 0-1


 *

[Event "Championnat de Paris Open A"]
[Site "Paris"]
[Date "2010.07.05"]
[Round "3.1"]
[White "Legrand, Stephane"]
[Black "Aguirre, Simon"]
[Result "1-0"]
[WhiteElo "2129"]
[BlackElo "2290"]
[PlyCount "69"]
[EventDate "2010.??.??"]

1. d4 Nf6 2. Nf3 e6 3. g3 c5 4. c4 cxd4 5. Nxd4 a6 6. Bg2 Qc7 7. b3 Bb4+ 8. Bd2
Be7 9. Bc3 O-O 10. Nd2 Nc6 11. Nxc6 bxc6 12. e4 d6 13. O-O Bb7 14. Qe2 Nd7 15.
Rac1 a5 16. Rfe1 e5 17. Nf1 Nc5 18. Ne3 g6 19. f4 Ne6 20. Qd2 Bf6 21. f5 Nc5
22. Rcd1 Rfd8 23. Ng4 Bg7 24. Qg5 Nd7 25. fxg6 fxg6 26. Qe7 h5 27. Rxd6 Qxd6
28. Qxd6 hxg4 29. Qxg6 Re8 30. Rf1 Re7 31. Qxg4 Nc5 32. Qg5 Rae8 33. Bxa5 Ne6
34. Qh5 Nd4 35. Bb4 1-0

[Event "Championnat de Paris Open A"]
[Site "Paris"]
[Date "2010.07.05"]
[Round "3.2"]
[White "Duijker, Rick"]
[Black "Debeaune, Robin"]
[Result "1-0"]
[WhiteElo "2241"]
[BlackElo "2115"]
[PlyCount "63"]
[EventDate "2010.??.??"]

1. d4 Nf6 2. Bg5 Ne4 3. Bf4 c5 4. f3 Qa5+ 5. c3 Nf6 6. d5 Qb6 7. b3 e6 8. e4
exd5 9. exd5 Bd6 10. Bg5 Be7 11. Bc4 Qd6 12. Ne2 b5 13. Bxb5 Qxd5 14. Qxd5 Nxd5
15. Bxe7 Kxe7 16. Na3 Nc7 17. c4 Bb7 18. O-O-O a6 19. Ba4 Ne6 20. Nc2 Nc6 21.
Ne3 Ncd4 22. Nxd4 Nxd4 23. Rhe1 Rhe8 24. Nf5+ Kf6 25. Rxe8 Rxe8 26. Nxd4 cxd4
27. Rxd4 Bc6 28. Bxc6 dxc6 29. Rd6+ Ke5 30. Rxc6 Kf4 31. Kd2 Rd8+ 32. Ke2 1-0

[Event "Championnat de Paris Open A"]
[Site "Paris"]
[Date "2010.07.05"]
[Round "3.3"]
[White "Poelstra, Ben"]
[Black "Peric, Slavisa"]
[Result "1/2-1/2"]
[WhiteElo "2117"]
[BlackElo "2215"]
[PlyCount "133"]
[EventDate "2010.??.??"]

1. e4 e6 2. d4 d5 3. e5 c5 4. c3 Nc6 5. Nf3 Bd7 6. a3 Nge7 7. Bd3 cxd4 8. cxd4
Qb6 9. Bc2 Nf5 10. Bxf5 exf5 11. Nc3 Be6 12. O-O Be7 13. b4 a5 14. b5 Na7 15.
Rb1 O-O 16. Qb3 Qd8 17. a4 Nc8 18. Ba3 Nb6 19. Bxe7 Qxe7 20. Nd2 Rfc8 21. Rbc1
Rc7 22. Ne2 Rac8 23. Rxc7 Rxc7 24. f4 f6 25. Rc1 Rxc1+ 26. Nxc1 fxe5 27. fxe5
Qg5 28. Qd3 Nxa4 29. Ne2 Qe7 30. Qb3 Qb4 31. Qxb4 axb4 32. Nf4 Kf7 33. Nd3 b6
34. Kf2 Nc3 35. Nxb4 Nxb5 36. Nf3 h6 37. g3 g5 38. Ke3 Nc7 39. h4 Kg6 40. hxg5
hxg5 41. Ng1 Kh5 42. Kf3 b5 43. Ne2 f4 44. Nc3 fxg3 45. Kxg3 Kg6 46. Ne2 Kf7
47. Nc3 Ke7 48. Ne2 Kf8 49. Nc3 Kg7 50. Nd1 Kh6 51. Ne3 Kh5 52. Ng2 Ne8 53. Ne3
Ng7 54. Kf3 Kh4 55. Nbxd5 Bxd5+ 56. Nxd5 g4+ 57. Ke4 Ne6 58. Ne3 b4 59. d5 b3
60. Kd3 Nc5+ 61. Kc3 Kg5 62. Nxg4 Kxg4 63. e6 Kf5 64. e7 Ne4+ 65. Kxb3 Nd6 66.
Kb4 Kf6 67. Kc5 1/2-1/2

[Event "Championnat de Paris Open A"]
[Site "Paris"]
[Date "2010.07.05"]
[Round "3.4"]
[White "Elishev, Ivan"]
[Black "Gravier, Laurent"]
[Result "0-1"]
[WhiteElo "2214"]
[BlackElo "2098"]
[PlyCount "58"]
[EventDate "2010.??.??"]

1. e4 c5 2. Nf3 d6 3. d4 cxd4 4. Nxd4 Nf6 5. Nc3 a6 6. Bg5 e6 7. f4 Nbd7 8. Qf3
Qc7 9. O-O-O Be7 10. f5 e5 11. Nde2 b5 12. a3 Bb7 13. Ng3 Rc8 14. Qe2 O-O 15.
Nh5 Rfe8 16. Nxf6+ Bxf6 17. Bxf6 Nxf6 18. g4 Qa5 19. g5 Rxc3 20. gxf6 b4 21.
Rxd6 bxa3 22. Rxa6 axb2+ 23. Kb1 Bxa6 24. Qxa6 Qxa6 25. Bxa6 Rb8 26. Rg1 g6 27.
fxg6 hxg6 28. Rg3 Rxc2 29. Bb7 Rxb7 0-1

[Event "Championnat de Paris Open A"]
[Site "Paris"]
[Date "2010.07.05"]
[Round "3.5"]
[White "Vallobra, Pierre"]
[Black "Pozdnjakov, Viatcheslav"]
[Result "0-1"]
[WhiteElo "2114"]
[BlackElo "2208"]
[PlyCount "154"]
[EventDate "2010.??.??"]

1. d4 d5 2. c4 c6 3. Nf3 Nf6 4. e3 Bf5 5. Nc3 e6 6. Bd3 Bxd3 7. Qxd3 Nbd7 8.
O-O Be7 9. e4 dxe4 10. Nxe4 Nxe4 11. Qxe4 Nf6 12. Qe2 O-O 13. Rd1 Qa5 14. Ne5
Rfd8 15. Bd2 Qa6 16. Bc3 b5 17. cxb5 cxb5 18. a4 Rd5 19. axb5 Qxb5 20. Qxb5
Rxb5 21. Nc6 Rb7 22. Ra6 Bd8 23. Rda1 Bb6 24. Kf1 Nd5 25. R1a3 Rc7 26. Ne5 Rac8
27. Be1 Bxd4 28. Nd3 Rc2 29. R3a4 Bb6 30. g3 h6 31. Re4 R8c4 32. Rxc4 Rxc4 33.
Ke2 Kf8 34. b3 Rc7 35. Ra4 Ke7 36. Rc4 f6 37. Rxc7+ Bxc7 38. Nc5 Kd6 39. Ne4+
Kc6 40. f4 f5 41. Nd2 g5 42. fxg5 hxg5 43. Nf3 g4 44. Nd4+ Kd7 45. Kd3 Bb6 46.
Bd2 Kd6 47. Ne2 e5 48. Bh6 e4+ 49. Kd2 Ba5+ 50. Kc2 Bb6 51. Kd2 Ke6 52. Bg5 Ke5
53. Bh6 Kf6 54. Ke1 Ba5+ 55. Kf2 Bb6+ 56. Ke1 Ne3 57. Nf4 Ke5 58. Bg7+ Kd6 59.
Bf8+ Kc6 60. Ng6 Bc5 61. Bh6 Kb5 62. Nh4 Kb4 63. Bxe3 Bxe3 64. Nxf5 Bc5 65. Nh6
Kxb3 66. Nxg4 a5 67. Nf6 e3 68. Ne4 Bd4 69. Nd6 a4 70. Nb5 Be5 71. Ke2 Kb4 72.
Na7 Bd4 73. Nc6+ Kc5 74. Na5 Kb5 75. Nb7 a3 76. Nd6+ Kb4 77. Nf5 Bc5 0-1

[Event "Championnat de Paris Open A"]
[Site "Paris"]
[Date "2010.07.05"]
[Round "3.6"]
[White "Van Zutphen, Jimmy"]
[Black "Mayer, Philippe"]
[Result "1/2-1/2"]
[WhiteElo "2203"]
[BlackElo "2078"]
[PlyCount "78"]
[EventDate "2010.??.??"]

1. d4 Nf6 2. c3 g6 3. Bg5 Bg7 4. e3 O-O 5. Bd3 d5 6. Nd2 c5 7. Ngf3 Qb6 8. Rb1
a5 9. O-O Nc6 10. Qe2 Re8 11. Rfd1 e5 12. dxe5 Nxe5 13. Bc2 Nc6 14. Nf1 d4 15.
Qd2 Bg4 16. exd4 cxd4 17. Qf4 Bxf3 18. Qxf3 Ne5 19. Qh3 dxc3 20. bxc3 Qc7 21.
Ne3 Nc4 22. Nxc4 Qxc4 23. Qf3 Qxa2 24. Bb3 Qe2 25. Qxb7 Qe7 26. Ba2 h6 27. Bf4
Qxb7 28. Rxb7 Rf8 29. Re1 Rae8 30. Kf1 Rxe1+ 31. Kxe1 Ne4 32. Bd2 Bxc3 33. Bxc3
Nxc3 34. Bc4 Ne4 35. Bd5 Nc5 36. Rb5 Re8+ 37. Kd2 Ne4+ 38. Bxe4 Rxe4 39. Rxa5
Kg7 1/2-1/2

[Event "Championnat de Paris Open A"]
[Site "Paris"]
[Date "2010.07.05"]
[Round "3.7"]
[White "Caroff, Frederic"]
[Black "Dionisi, Thomas"]
[Result "1/2-1/2"]
[WhiteElo "2106"]
[BlackElo "2183"]
[PlyCount "125"]
[EventDate "2010.??.??"]

1. e4 e5 2. Nf3 f5 3. exf5 e4 4. Qe2 Nf6 5. d3 d5 6. dxe4 dxe4 7. Bg5 Bxf5 8.
Nfd2 Nc6 9. Nxe4 Bxe4 10. Bxf6 Qxf6 11. Qxe4+ Be7 12. Nc3 O-O-O 13. Bd3 Rhf8
14. O-O Bc5 15. Qg4+ Kb8 16. Ne4 Qe5 17. Nxc5 Qxc5 18. Qxg7 Ne5 19. Qxh7 Rh8
20. Qe4 Rd4 21. Qe2 Qd6 22. f4 Nc6 23. Rae1 a6 24. g3 Rd5 25. f5 Nd4 26. Qf2
Qh6 27. Qg2 Rd6 28. f6 Rxf6 29. Rxf6 Qxf6 30. Rf1 Qb6 31. Kh1 Qxb2 32. a4 Qb4
33. c3 Qxc3 34. Rb1 c6 35. Qb2 Qxb2 36. Rxb2 b5 37. Kg2 Kc7 38. h4 c5 39. axb5
axb5 40. h5 c4 41. Bg6 Kd6 42. g4 c3 43. Rb1 Kc5 44. Kh3 b4 45. g5 b3 46. h6 c2
47. Rf1 Ne2 48. Kg4 c1=Q 49. Rxc1+ Nxc1 50. h7 Kd6 51. Kh5 Ke7 52. Kh6 Ne2 53.
Kg7 Nf4 54. Bf5 Rf8 55. h8=Q Rxh8 {=} 56. Kxh8 Kf7 57. Kh7 b2 58. Bb1 Kf8 59.
Kh6 Ne6 60. g6 Ng7 61. Ba2 Nf5+ 62. Kh7 Ng7 63. Bb1 {=} 1/2-1/2

[Event "Championnat de Paris Open A"]
[Site "Paris"]
[Date "2010.07.05"]
[Round "3.8"]
[White "Wunderman, Xavier"]
[Black "Marchadour, Claire"]
[Result "1-0"]
[WhiteElo "2173"]
[BlackElo "2072"]
[PlyCount "61"]
[EventDate "2010.??.??"]

1. e4 c5 2. Nc3 a6 3. Nf3 b5 4. d4 cxd4 5. Nxd4 Bb7 6. a3 g6 7. Be3 Bg7 8. Be2
d6 9. Qd2 Nd7 10. f3 Nb6 11. h4 h5 12. O-O-O Nf6 13. Kb1 Rc8 14. Rhe1 Nc4 15.
Bxc4 Rxc4 16. Nb3 Nd7 17. Nd5 Bxd5 18. exd5 O-O 19. Bg5 f6 20. Bh6 Rxh4 21.
Bxg7 Kxg7 22. Nd4 Nc5 23. g3 Rxd4 24. Qxd4 Na4 25. Qa7 Rf7 26. Qxa6 Qb8 27. Qc6
Nc5 28. Rd4 Qa7 29. Rb4 Nd7 30. Qxb5 Ne5 31. Qe2 1-0